| 000 | 00456cam a2200169 i 4500 | ||
|---|---|---|---|
| 082 | 0 | 0 |
_a620 _bENG _cD |
| 100 | 1 |
_aPerry, Robert H., _940122 |
|
| 245 | 1 | 0 |
_aEngineering manual : _ceditor-in-chief, Robert H. Perry. |
| 250 | _a2d ed. | ||
| 260 |
_aNew York : _bMcGraw-Hill, |
||
| 300 | _bill. ; | ||
| 526 |
_a0 _b0 _c0 _d620_000000000000000_ENG |
||
| 650 | 0 | _aEngineering | |
| 650 | 0 |
_aNUST _96342 |
|
| 700 | 1 |
_aPerry, John Howard, _940123 |
|
| 942 |
_2ddc _cBK |
||
| 999 |
_c544486 _d544486 |
||